Reflections on the revolution in France : (Record no. 9037)
[ view plain ]
| 000 -LEADER | |
|---|---|
| fixed length control field | 00899cam a2200277 a 4500 |
| 001 - CONTROL NUMBER | |
| JCCL Control Number | 9037 |
| 003 - CONTROL NUMBER IDENTIFIER | |
| JCCL marc code | BD - JhCC |
| 005 - DATE AND TIME OF LATEST TRANSACTION | |
| control field | 20180314180508.0 |
| 008 - FIXED-LENGTH DATA ELEMENTS--GENERAL INFORMATION | |
| fixed length control field | 750729s1973 nyu b 000 0 eng d |
| 020 ## - INTERNATIONAL STANDARD BOOK NUMBER | |
| International Standard Book Number | 0385081901 |
| 035 ## - SYSTEM CONTROL NUMBER | |
| system control number | (BD - JhCC)9037 |
| 040 ## - CATALOGING SOURCE | |
| Transcribing agency | MoSW |
| Modifying agency | MdBJ |
| -- | CStRLIN |
| -- | BD - JhCC |
| Original cataloging agency | BD-JhCC |
| 041 ## - LANGUAGE CODE | |
| Language code of Book | eng |
| 082 ## - DEWEY DECIMAL CLASSIFICATION NUMBER | |
| Author mark and Year | BUR 1973 |
| Classification number | 944.04 |
| 090 ## - LOCALLY ASSIGNED LC-TYPE CALL NUMBER (OCLC); LOCAL CALL NUMBER (OCLC) | |
| Classification number (OCLC) (R) ; Classification number, CALL (RLIN) (NR) | DC150 |
| Local cutter number (OCLC) ; Book number/undivided call number, CALL (RLIN) | .B8 1973 |
| 100 1# - MAIN ENTRY--PERSONAL NAME | |
| Personal name | Burke, Edmund, |
| Dates associated with a name | 1729-1797. |
| 245 10 - TITLE STATEMENT | |
| Title | Reflections on the revolution in France : |
| Remainder of title | The rights of man / |
| Statement of responsibility, etc | [by] Edmund Burke; Thomas Paine. |
| 260 ## - PUBLICATION, DISTRIBUTION, ETC. (IMPRINT) | |
| Place of publication, distribution, etc | Garden City, N.Y. : |
| Name of publisher, distributor, etc | Anchor Press/Doubleday, |
| Date of publication, distribution, etc | [1973] |
| 300 ## - PHYSICAL DESCRIPTION | |
| Pagination | 515 p. ; |
| Dimensions | 18 cm. |
| 651 #0 - SUBJECT ADDED ENTRY--GEOGRAPHIC NAME | |
| Geographic name | France |
| General subdivision | History |
| Chronological subdivision | Revolution, 1789-1799 |
| General subdivision | Causes. |
| 651 #0 - SUBJECT ADDED ENTRY--GEOGRAPHIC NAME | |
| Geographic name | Great Britain |
| General subdivision | Politics and government |
| Chronological subdivision | 1760-1820. |
| 700 1# - ADDED ENTRY--PERSONAL NAME | |
| Personal name | Paine, Thomas, |
| Dates associated with a name | 1737-1809. |
| Title of a work | Rights of man. |
| 740 02 - | |
| Uncontrolled related/analytical title | Rights of man. |
| 942 ## - ADDED ENTRY ELEMENTS (KOHA) | |
| Source of classification or shelving scheme | Dewey Decimal Classification |
| Koha item type | Books |
| Source of classification or shelving scheme | Damaged status | Not for loan | Home library | Current library | Shelving location | Total Checkouts | Full call number | Barcode | Date last seen | Copy number | Koha item type |
|---|---|---|---|---|---|---|---|---|---|---|---|
| Dewey Decimal Classification | JCC Rouf Library | JCC Rouf Library | General Stacks | 944.04 BUR 1973 | 12003 | 03/07/2018 | C - 1 | Books |